LEADER 01242nam a2200301 u 4500 001 000000049086 003 CaOOAMICUS 005 20070226115054.0 008 000614s2000 it u000 u ita u 020 $a8870163288 035 $a10850165 040 $aPUL$bita 100 1 $aCorsani, Bruno.$0(OLS)http://pul/name/12374 245 13$aLa seconda lettera ai Corinzi :$bguida alla lettura /$cBruno Corsani. 260 $aTorino :$bClaudiana,$cc2000. 300 $a186 p. ;$c20 cm 490 1 $aPiccola collana moderna.$aSerie biblica ;$v83 500 $aContiene indici. 600 04$aPaulus,$cs., apostolo.$0(OLS)http://pul/subject/417 630 04$aBiblia.$pN.T.$pAd Corinthios II.$0(OLS)http://pul/subject/17301 830 0$aPiccola collana moderna.$pSerie biblica ;$v83.$0(OLS)http://pul/title/43732 850 $aPUL 852 $aPUL$W1$xSL Religione 1$y3$m10 D 76$j65277$nBK-PRI$b $qStampati$B65277$CPULBib$Z2$F65277 $H $81 941 1 $a8 961 $aINV: 82142 996 $6020$a8870163288$9(OLS)http://pul/number/61935 996 $6245$aLa seconda lettera ai Corinzi :$bguida alla lettura$9(OLS)http://pul/title/66182 996 $6260$aTorino :$bClaudiana$9(OLS)http://pul/publisher/48072 LEADER 01457nam a2200289 u 4500 001 000000051207 003 CaOOAMICUS 005 20070226115318.0 008 000912s1999 it u000 u ita u 035 $a10855192 040 $aPUL$bita 100 1 $aScognamiglio, Edoardo,$cO.F.M.Conv.,$d1970-$0(OLS)http://pul/name/36773 245 10$aReligione e/o antropologia? :$bL'itinerario spirituale dell'uomo nell'opera letteraria di Kahlil Gibran /$cEdoardo Scognamiglio. 260 $aRoma :$b[s.n.],$c1999. 300 $a491 p. ;$c24 cm 490 1 $aSeraphicum. Pontificia facultas theologica S. Bonaventura. Dissertationem ad lauream ;$v93 500 $aIn testa al front.: "Seraphicum. Pontificia facoltà teologica S. Bonaventura". 504 $aBibliografia in nota. 600 14$aGibran, Kahlil,$d1883-1931.$0(OLS)http://pul/subject/21512 650 4$aReligione e antropologia.$0(OLS)http://pul/subject/21513 830 0$aDissertationes ad lauream (Seraphicum. Pontificia Facultas theologica S. Bonaventurae) ;$v93.$0(OLS)http://pul/title/45326 850 $aPUL 852 $aPUL$W1$xDP1 Tesi Pon. Fac. Seraphicum$y36$mTH SER 93$j67849$nBK-PRI$b $qTesi$B67849$CPULBib$Z2$F67849 $81 941 1 $a16 961 $aINV: 82621 996 $6245$aReligione e/o antropologia? :$bL'itinerario spirituale dell'uomo nell'opera letteraria di Kahlil Gibran$9(OLS)http://pul/title/68838 996 $6260$aRoma :$b[s.n.]$9(OLS)http://pul/publisher/47958